00328 a2200097 4500245015000000100002200150700001900172700001900191260000900210300001100219 aMédecine traditionnelle et pharmacopée : contributions aux études ethnobotaniques et floristiques au Niger: rapport présenté à l'ACCT aAdjanohoun, E. J. aAhyi, A. M. R. aAké Assi, L. c1980 a250 p.